000 01265cad a22002175a 4500
001 L155182
008 120308s2012 xxkad f s 000 0 eng d
035 _a(Sirsi) u155182
041 0 _aeng
110 2 _aLambert Smith Hampton
_92865
245 0 0 _aNational industrial and distribution report
_b2012
_h[electronic resource]
260 _a[S.l.]
_bLambert Smith Hampton
_c2012
490 0 _aLambert Smith Hampton National Industrial and Distribution Report
_v2012
520 _aTake-up in the industrial and distribution market remained relatively buoyant in 2011 but the distribution warehousemarket saw activity levels fall by 15%. Greater London and the South East saw the greatest improvements in take-up. Overall availability rate edged down to 10.2% (10.3% end 2010). The supply of grade A space continued to tighten, falling to its lowest level in five years. Speculative development has been at a low ebb through 2010/11.The market is tipping back in favour of landlords.
590 _aKA NTK
650 2 4 _aLAMBERT SMITH HAMPTON NATIONAL INDUSTRIAL AND DISTRIBUTION REPORT
651 4 _aUnited Kingdom
690 _aCommercial property
_96227
856 4 0 _uhttps://www.lsh.co.uk/pages/research_list.asp
_zView the report at www.lsh.co.uk
942 _n0
999 _c113375
_d113375